03203nam a2200289 i 450000100060000000300090000600500170001500700030003200800410003502000180007608000130009410000330010724501740014026000590031430000260037350001380039950001200053750518580065765000390251565000400255470000390259470000380263370000400267185200340271199900170274595201510276210482ES-MaACL20230906145910.0t|950705m19952009sp ||||1| spa d a84-920774-2-5 a929(031)1 aMogrobejo, Endika de.98178810aDiccionario hispanoamericano de heráldica, onomástica y genealogía /cEndika Mogrobejo ; con la colaboración de Aitziber, Iranzu y Garikoitz de Mogrobejo-Zabala. aBilbao : bEditorial Mogrobejo-Zabala, c[1995-<2013>] av. : bil. ; c28 cm. aAdición al "Diccionario heráldico y genealógico de apellidos españoles y americanos", por Alberto y Arturo García Carraffa. aLos vols. 1 a 15 contienen desde el apellido Urriza hasta la letra Z. A partir del vol. XVI(I) comienza la letra A.8 aContiene: I : Urriza-Urtusaustegui-- II : Uruburu-Valcarcel-- III : Valcarcua-Valenzuela-- IV : Valeñani-Vallejo-- V : Vallejoller-Vargas-- VI : Varillas-Velázquez-- VII : Veldani-Vergara-- VIII : Vergas-Vilacorba-- IX Vilach-Villaloin-- X : Villalomez-Villavente-- XI : Villavedeo-Vitorica-- XII : Víu-Yezarbe-- XIII : Yoan-Zamora-- XIV : Zamorano-Zorroza-- XV : Zorrozaga-Zuzuarregui -- XVI(I) : Aanda-Aguirrazu -- XVII(II) : Aguirre-Alemán -- XVIII(III) : Alemparte-Amboage -- XIX(IV) : Ambram-Aragon -- XX(V) : Aragoncillo-Ariarte -- XXI(VI) : Arias-Arroitia -- XXII (VII) : Arrojo-Atuelles -- XXIII (VIII) : Atxer-Aznáriz -- XXIV (IX) : Azo-Barahona -- XXV (X) : Baraibar-Bascuñana -- XXVI (XI) : Base-Benita -- XXVII (XII) : Benitez-Bey -- XXVIII (XIII) : Beyan-Bonillo -- XXIX (XIV) : Bonin-Buforn -- XXX (XV) : Bugallal-Cachot -- XXXI (XVI) : Cachurro-Campmany -- XXXII(XVII): Campo-Carbajo -- XXXIII (XVIII): Carbajosa-Carrilero -- XXXIV (XIX): Carrillo-Castaños -- XXXV(XX): Castao-Cazurro -- XXXVI(XXI): Cea-Cezon -- XXXVII(XXII): Cia-Colom -- XXXVIII(XXIII): Coloma-Corraiz -- XXXIX (XXIV): Corral-Cuader -- XL(XXV): Cuadra-Chirinos -- XLI(XXVI): Chirivella-Diaz -- XLII(XXVII): Díaz de Arcaute-Dugiols -- XLIII (XXVIII): Duhart-Elizondo --XLIV(XXIX): Elmas-Escorial - XLV(XXX): Escoriaza-Ezabal - XLVI(XXXI): Ezama-Fernández -- XLVII(XXXII): Fernández-Florez -- XLVIII(XXXIII): Flori-Fustiñana -- IL(XXXIV): Gabacho-Garavito -- L(XXXV): Garay-García del Busto -- LI(XXXVI): García Caballero-Garvey -- LII(XXXVII): Garvia-Godinez -- LIII (XXXVIII): Godino-González -- LIV (XXXIX): González-González del Valle -- LV (XL): González Vallejo-Guerbillano -- LVI (XLI): Guereca-Gutris -- LVII (XLII): Guzmán-Hervás -- LVIII (XLIII): Hervias-Iborra -- LVIX (XLIV): Ibort-Ituño -- LX (XLV): Iturain-Jubero14aHeráldica-vDiccionarios.91331614aGenealogía-vDiccionarios.9130471 aMogrobejo-Zabala, Aitziber.9817891 aMogrobejo-Zabala, Irantzu.9817911 aMogrobejo-Zabala, Garikoitz.981790 aES-MaACLjJ-58 bis bR.124002 c10482d10482 001040708Colección_de_referencia aATENEOMbATENEOMcDEPO2d2008-01-17eSCl0oJ-58 bisp1010692r2023-02-23 00:00:00w2023-02-23yMONOGRAFIA